Sigla biblijne - Statystyki

Ogólne statystyki
  • Ten quiz został rozwiązany 567 razy
  • Średni wynik to 49 z 73
Statystyki odpowiedzi
Sigla Księga % Poprawnych
Rdz Księga rodzaju
99%
Wj Księga wyjścia
96%
Kpł Księga Kapłańska
92%
Pwt Księga Powtórzonego Prawa
88%
J Ewangelia wg św Jana
86%
Łk Ewangelia wg św Łukasza
86%
Mt Ewangelia wg św Mateusza
86%
Lb Księga Liczb
86%
Mk Ewangelia wg św Marka
85%
Joz Księga Jozuego
82%
Jud List św Judy
81%
Ap Apokalipsa św Jana
80%
Hi Księga Hioba
78%
Rt Księga Rut
78%
Sdz Księga Sędziów
78%
1 Kor 1 List do Koryntian
77%
2 Kor 2 List do Koryntian
77%
Ps Księga Psalmów
76%
Koh Księga Koheleta
75%
Dz Dzieje Apostolskie
74%
Flp List do Filipian
74%
Hbr List do Hebrajczyków
74%
Rz List do Rzymian
74%
Mdr Księga Mądrości
73%
Iz Księga Izajasza
72%
Ef List do Efezjan
72%
Jon Księga Jonasza
71%
Kol List do Kolosan
70%
1 Krl 1 Księga Królewska
69%
2 Krl 2 Księga Królewska
69%
Prz Księga Przysłów
69%
1 Sm 1 Księga Samuela
68%
1 Tm 1 List do Tymoteusza
68%
1 J 1 List św Jana
68%
2 Sm 2 Księga Samuela
68%
2 Tm 2 List do Tymoteusza
68%
2 J 2 List św Jana
68%
3 J 3 List św Jana
68%
1 Tes 1 List do Tesaloniczan
67%
1 P 1 List św Piotra
67%
2 Tes 2 List do Tesaloniczan
67%
2 P 2 List św Piotra
67%
Est Księga Estery
66%
Jr Księga Jeremiasza
66%
Jdt Księga Judyty
66%
Tb Księga Tobiasza
66%
Ga List do Galatów
64%
Tt List do Tytusa
63%
Jk List św Jakuba
63%
1 Krn 1 Księga Kronik
62%
2 Krn 2 Księga Kronik
62%
Dn Księga Daniela
61%
Za Księga Zachariasza
61%
1 Mch 1 Księga Machabejska
59%
2 Mch 2 Księga Machabejska
59%
Ez Księga Ezechiela
59%
Pnp Księga Pieśni nad Pieśniami
58%
Flm List do Filemona
58%
Ezd Księga Ezdrasza
57%
Oz Księga Ozeasza
56%
Mi Księga Micheasza
51%
Ne Księga Nehemiasza
51%
Ba Księga Barucha
50%
Lm Lamentacje
50%
So Księga Sofoniasza
46%
Syr Mądrość Syracha
46%
Ag Księga Aggeusza
44%
Ml Księga Malachiasza
44%
Am Księga Amosa
42%
Jl Księga Joela
42%
Ha Księga Habakuka
41%
Ab Księga Abdiasza
37%
Na Księga Nahuma
32%
Nie znaleziono quizów pasujących do podanych kryteriów
Rozkład punktacji
Procent ludzi z każdym wynikiem
Percentyl według liczby udzielonych odpowiedzi
Twoja historia wyników
Nie rozwiązałeś tego quizu